000 00521nam a2200181Ia 4500
001 24749
005 20260414151104.0
008 260414t2024||||xx |||||||||||||| ||spa||
041 _aESP
082 _a345.73018541
_bA68
100 _aArce Espinoza, Mario Rommel,
_eAUT
245 0 _aHistoria de la Corte Superior de Justicia de Arequipa :
_boscientos años de memoria e identidad (1825-2025)
260 _c2024
300 _a347 páginas :
_c25 cm.
650 _aDER
654 _aCDE
942 _cLIB
_dJUS
_fJUS
_2ddc
_n
999 _c24749
_d24749